000 00771cam a2200265 a 4500
005 20260322212002.0
008 data
010 _a 90157575
020 _a0929261143 (pbk.)
020 _a9780929261140 (pbk.)
040 _aMoS
_cMoS
_dDLC
_dDLC
042 _alccopycat
050 0 4 _aNC1320
_b.T625 1989
082 0 4 _a741.5
092 _a741.5 T625 1989
100 1 _aTollison, Hal.
245 1 0 _aCartooning /
_cHal Tollison.
260 _aTustin, Calif. :
_bW. Foster Pub.,
_cc1989.
300 _a64 p. :
_bill. ;
_c24 cm.
490 1 _aArtist's library series ;
_vAL14
650 0 _aCartooning
_xTechnique.
830 0 _aArtist's library series ;
_vv. 14.
856 4 2 _3Publisher description
_uhttp://www.loc.gov/catdir/enhancements/fy0730/90157575-d.html
001 data
999 _c6
_d6